[Event "Guernsey op 45th"]
[Site "Vale"]
[Date "2019.10.25"]
[Round "6"]
[White "Baker, Chris W"]
[Black "Collier, David"]
[Result "1-0"]
[WhiteElo "2245"]
[BlackElo "2009"]
[PlyCount "71"]
[EventDate "2019.10.20"]
[EventType "swiss"]
[EventRounds "7"]
[EventCountry "GCI"]
[SourceTitle "CBM 192 Extra"]
[Source "Chessbase"]
[SourceDate "2019.11.06"]
[SourceVersion "1"]
[SourceVersionDate "2019.11.06"]
[SourceQuality "1"]

1. d4 d5 2. Nf3 Nf6 3. c4 c6 4. e3 e6 5. Qc2 Be7 6. Nbd2 0-0 7. b3 Nbd7 8. Bb2 Re8 9. Bd3 Nf8 10. 0-0 Bd7 11. Ne5 Rc8 12. Ndf3 h6 13. c5 Ra8 14. b4 a6 15. Rfc1 Qc7 16. Nd2 Rec8 17. f4 Be8 18. Rf1 N6d7 19. Bc3 f6 20. Nxd7 Nxd7 21. f5 e5 22. e4 exd4 23. Bxd4 Bf7 24. exd5 cxd5 25. Rae1 Bf8 26. Re6 Bxe6 27. fxe6 Ne5 28. Bf5 Be7 29. Nb3 a5 30. Nxa5 Rxa5 31. bxa5 Bxc5 32. Qxc5 Qxc5 33. Bxc5 Rxc5 34. Rb1 g6 35. Rxb7 Rxa5 36. Rb8+ 1-0

[Event "Guernsey op 44th"]
[Site "Vale"]
[Date "2018.10.23"]
[Round "3"]
[White "Collier, David"]
[Black "Povah, Nigel Edward"]
[Result "0-1"]
[WhiteElo "1999"]
[BlackElo "2303"]
[PlyCount "58"]
[EventDate "2018.10.21"]
[EventType "swiss"]
[EventRounds "7"]
[EventCountry "GCI"]
[SourceTitle "CBM 187 Extra"]
[Source "ChessBase"]
[SourceDate "2018.11.04"]
[SourceVersion "1"]
[SourceVersionDate "2018.11.04"]
[SourceQuality "1"]

1. d4 Nf6 2. Bf4 e6 3. e3 c5 4. c3 b6 5. Nd2 cxd4 6. exd4 Bb7 7. h3 Be7 8. Ngf3 0-0 9. Bd3 Nc6 10. 0-0 Nd5 11. Bh2 f5 12. Re1 Qe8 13. c4 Ndb4 14. Bf1 Bf6 15. d5 Nd8 16. Bd6 Be7 17. Bxe7 Qxe7 18. a3 Na6 19. b4 Nf7 20. dxe6 dxe6 21. Nd4 Ng5 22. Qb3 Rad8 23. N4f3 Ne4 24. Qe3 Nc7 25. Rad1 h6 26. Nxe4 Bxe4 27. Be2 Qf6 28. Nd2 Bc2 29. Rc1 f4 0-1

[Event "Guernsey op 43rd"]
[Site "Vale"]
[Date "2017.10.19"]
[Round "5"]
[White "Collier, David"]
[Black "Sedgwick, David"]
[Result "0-1"]
[WhiteElo "2015"]
[BlackElo "1972"]
[PlyCount "84"]
[EventDate "2017.10.15"]
[EventType "swiss"]
[EventRounds "7"]
[EventCountry "GCI"]
[SourceTitle "CBM 181 Extra"]
[Source "ChessBase"]
[SourceDate "2017.12.12"]
[SourceVersion "1"]
[SourceVersionDate "2017.12.12"]
[SourceQuality "1"]

1. d4 d5 2. Bf4 Nf6 3. e3 e6 4. c4 Bd6 5. Bg3 Ne4 6. Nc3 Nxc3 7. bxc3 c6 8. Nf3 Bxg3 9. hxg3 Nd7 10. Qc2 Nf6 11. Bd3 dxc4 12. Bxc4 Qa5 13. Rb1 b5 14. Be2 Bb7 15. 0-0 0-0 16. c4 a6 17. c5 h6 18. Ne5 Qc7 19. f4 Nd7 20. Nf3 Nf6 21. Ne5 Nd7 22. Nd3 Nf6 23. Bf3 Rad8 24. Kf2 a5 25. a3 Ba6 26. Rh1 b4 27. axb4 Bxd3 28. Qxd3 axb4 29. Rxb4 Rb8 30. Rhb1 Nd5 31. Bxd5 exd5 32. Qb3 Rxb4 33. Qxb4 Ra8 34. Qb6 Ra2+ 35. Kf3 Qd7 36. Qb8+ Kh7 37. Rh1 Qf5 38. Qb1 Rc2 39. Rc1 Qe4+ 40. Kg4 f5+ 41. Kh4 Rxc1 42. Qxc1 Qxg2 0-1

[Event "Guernsey op 42nd"]
[Site "Vale"]
[Date "2016.10.21"]
[Round "6"]
[White "Sedgwick, David"]
[Black "Collier, David"]
[Result "1/2-1/2"]
[WhiteElo "1970"]
[BlackElo "2024"]
[PlyCount "110"]
[EventDate "2016.10.16"]
[EventType "swiss"]
[EventRounds "7"]
[EventCountry "GCI"]
[SourceTitle "CBM 175 Extra"]
[Source "ChessBase"]
[SourceDate "2016.12.12"]
[SourceVersion "1"]
[SourceVersionDate "2016.12.12"]
[SourceQuality "1"]

1. e4 c5 2. c3 d6 3. d4 Nf6 4. Bd3 e5 5. dxe5 dxe5 6. Nf3 Nbd7 7. Na3 Be7 8. 0-0 0-0 9. Nc4 Qc7 10. Bg5 Re8 11. Rc1 b5 12. Ne3 c4 13. Bb1 Bb7 14. Nf5 Bf8 15. Qe2 Qc6 16. Bxf6 Nxf6 17. Ng3 g6 18. Rcd1 Qc7 19. h4 Rad8 20. Rxd8 Rxd8 21. Rd1 Rxd1+ 22. Qxd1 Qd6 23. Qxd6 Bxd6 24. Bc2 Nd7 25. b4 cxb3 26. Bxb3 Nc5 27. Bc2 f6 28. Nd2 Bc6 29. f3 Kf8 30. Ngf1 Ne6 31. g3 Bc5+ 32. Kg2 Ke7 33. Nb3 Bb6 34. Nfd2 a5 35. Kf1 a4 36. Nc1 Ba5 37. Nb1 Nc5 38. Nd3 Nxd3 39. Bxd3 Kd6 40. Ke2 b4 41. cxb4 Bxb4 42. Bc4 Kc5 43. Bg8 Bb5+ 44. Kd1 Bc4 45. Bxh7 Bxa2 46. Kc2 Bf7 47. Nc3 Bxc3 48. Kxc3 a3 49. f4 a2 50. Kb2 Kd4 51. f5 gxf5 52. Bxf5 Ke3 53. g4 Kf4 54. h5 Kg5 55. Ka1 Bg8 1/2-1/2

[Event "Guernsey op 41st"]
[Site "Vale"]
[Date "2015.10.21"]
[Round "4"]
[White "Collier, David"]
[Black "Downey, Keith"]
[Result "1/2-1/2"]
[WhiteElo "2037"]
[BlackElo "1869"]
[PlyCount "37"]
[EventDate "2015.10.18"]
[EventType "swiss"]
[EventRounds "7"]
[EventCountry "GCI"]
[SourceTitle "EXT 2017"]
[Source "ChessBase"]
[SourceDate "2016.10.25"]
[SourceVersion "1"]
[SourceVersionDate "2016.10.25"]
[SourceQuality "1"]

1. d4 Nf6 2. Bg5 e6 3. Nd2 c5 4. e3 Be7 5. c3 d6 6. Bd3 Nbd7 7. Ngf3 Nd5 8. Bxe7 Qxe7 9. 0-0 cxd4 10. cxd4 0-0 11. Rc1 N7f6 12. Re1 Bd7 13. e4 Nf4 14. Bf1 Rfc8 15. Rxc8+ Rxc8 16. g3 Ng6 17. Qb3 Be8 18. Re3 h6 19. Rc3 1/2-1/2

[Event "Guernsey op 41st"]
[Site "Vale"]
[Date "2015.10.19"]
[Round "2"]
[White "Collier, David"]
[Black "Kirkwood, Robin"]
[Result "1/2-1/2"]
[WhiteElo "2037"]
[BlackElo "1911"]
[PlyCount "25"]
[EventDate "2015.10.18"]
[EventType "swiss"]
[EventRounds "7"]
[EventCountry "GCI"]
[SourceTitle "EXT 2017"]
[Source "ChessBase"]
[SourceDate "2016.10.25"]
[SourceVersion "1"]
[SourceVersionDate "2016.10.25"]
[SourceQuality "1"]

1. d4 d6 2. Nf3 Bg4 3. e4 Nf6 4. Nc3 Nbd7 5. Be2 e5 6. 0-0 Be7 7. Be3 c6 8. dxe5 dxe5 9. Nd2 Bxe2 10. Qxe2 0-0 11. Nb3 Bb4 12. Bd2 Nc5 13. Nxc5 1/2-1/2

[Event "Guernsey op 40th"]
[Site "Vale"]
[Date "2014.10.22"]
[Round "4"]
[White "Collier, David"]
[Black "Jackson, Oliver A"]
[Result "1/2-1/2"]
[WhiteElo "2043"]
[BlackElo "2142"]
[PlyCount "37"]
[EventDate "2014.10.19"]
[EventType "swiss"]
[EventRounds "7"]
[EventCountry "GCI"]
[SourceTitle "EXT 2016"]
[Source "ChessBase"]
[SourceDate "2015.10.08"]
[SourceVersion "1"]
[SourceVersionDate "2015.10.08"]
[SourceQuality "1"]

1. d4 Nf6 2. Bg5 c5 3. Bxf6 gxf6 4. d5 Qb6 5. Qc1 f5 6. g3 Bg7 7. c3 d6 8. Bg2 Nd7 9. Nf3 Nf6 10. Nh4 Bd7 11. 0-0 Ne4 12. Nd2 Bf6 13. Nxe4 fxe4 14. Bxe4 Bxh4 15. gxh4 Bh3 16. Rd1 c4 17. Qe3 Qxe3 18. fxe3 Kd7 19. Kf2 1/2-1/2

[Event "BCF-chT2c 1314 (4NCL)"]
[Site "England"]
[Date "2014.05.03"]
[Round "9.46"]
[White "Collier, David"]
[Black "Eames, Robert"]
[Result "0-1"]
[WhiteElo "2050"]
[BlackElo "2228"]
[PlyCount "140"]
[EventDate "2013.11.16"]
[EventType "team-tourn"]
[EventRounds "11"]
[EventCountry "ENG"]
[SourceTitle "EXT 2015"]
[Source "ChessBase"]
[SourceDate "2014.11.20"]
[SourceVersion "1"]
[SourceVersionDate "2014.11.20"]
[SourceQuality "1"]
[WhiteTeam "Bristol"]
[BlackTeam "Hackney"]
[WhiteTeamCountry "ENG"]
[BlackTeamCountry "ENG"]

1. d4 Nf6 2. Bg5 Ne4 3. Bf4 c5 4. f3 Qa5+ 5. c3 Nf6 6. Nd2 cxd4 7. Nb3 Qb6 8. Qxd4 Nc6 9. Qxb6 axb6 10. e4 d5 11. exd5 Nxd5 12. Bd2 e5 13. Bd3 Be6 14. Bc2 b5 15. a3 Nf4 16. Bxf4 exf4 17. Ne2 g5 18. h4 Be7 19. hxg5 Bxg5 20. 0-0-0 Bc4 21. Ned4 0-0-0 22. Rxh7 Rxh7 23. Bxh7 Ne5 24. Bf5+ Kc7 25. Nc5 Kb6 26. Ne4 Be7 27. Rh1 Rg8 28. Rh6+ Kc7 29. Bh3 Nd3+ 30. Kb1 Ne1 31. Nf5 Bf8 32. Rh5 Nxg2 33. Rg5 Rxg5 34. Nxg5 Ne3 35. Nd4 Be7 36. Ne4 Kb6 37. Kc1 Bd5 38. Nd2 Bh4 39. Ne2 Bg3 40. b3 Kc5 41. Nd4 Be1 42. Bd7 Bc6 43. Bxc6 bxc6 44. Ne2 Ng2 45. Ne4+ Kd5 46. Kc2 f5 47. Ng5 c5 48. a4 bxa4 49. c4+ Kc6 50. bxa4 Bh4 51. Nh3 Ne1+ 52. Kd1 Nxf3 53. Nhxf4 Ne5 54. Nc3 Nxc4 55. Ke2 Nd6 56. Nfd5 Bg5 57. Kf3 Nc4 58. Nf4 Ne5+ 59. Kg3 c4 60. Ne6 Bd2 61. Nb5 Kd5 62. Nf4+ Kc5 63. Ne2 Nd3 64. Ned4 f4+ 65. Kf3 Kd5 66. Ne2 Ne5+ 67. Kf2 Be3+ 68. Kf1 f3 69. Nec3+ Kc5 70. a5 Ng4 0-1

[Event "Guernsey op"]
[Site "Guernsey"]
[Date "2013.10.22"]
[Round "3"]
[White "Collier, David"]
[Black "De Kruif, Kees"]
[Result "1-0"]
[WhiteElo "2074"]
[BlackElo "1930"]
[PlyCount "49"]
[EventDate "2013.10.20"]
[EventType "swiss"]
[EventRounds "7"]
[EventCountry "GCI"]
[SourceTitle "CBM 157 Extra"]
[Source "ChessBase"]
[SourceDate "2013.12.19"]
[SourceVersion "1"]
[SourceVersionDate "2013.12.19"]
[SourceQuality "1"]

1. d4 Nf6 2. Nf3 e6 3. c4 c5 4. d5 exd5 5. cxd5 d6 6. Nc3 Be7 7. h3 0-0 8. Bf4 Bf5 9. Nd2 b5 10. Nxb5 Nxd5 11. Bg3 Qa5 12. Na3 Re8 13. Nac4 Qd8 14. e4 Bf8 15. Be2 Bxe4 16. Nxe4 Rxe4 17. Qxd5 Rxe2+ 18. Kxe2 Qe8+ 19. Kf1 Nc6 20. Re1 Ne5 21. Bxe5 dxe5 22. Rxe5 Qb5 23. b3 Rc8 24. g3 a5 25. Kg2 1-0

[Event "GBR-ch 100th"]
[Site "Torquay"]
[Date "2013.08.02"]
[Round "5"]
[White "Collier, David"]
[Black "Rayner, Francis"]
[Result "1/2-1/2"]
[WhiteElo "2086"]
[BlackElo "2186"]
[PlyCount "39"]
[EventDate "2013.07.29"]
[EventType "swiss"]
[EventRounds "11"]
[EventCountry "ENG"]
[SourceTitle "CBM 155 Extra"]
[Source "ChessBase"]
[SourceDate "2013.08.26"]
[SourceVersion "1"]
[SourceVersionDate "2013.08.26"]
[SourceQuality "1"]

1. d4 Nf6 2. Bg5 c5 3. Bxf6 gxf6 4. d5 Qb6 5. Qc1 f5 6. g3 Bg7 7. c3 d6 8. Nd2 e6 9. Bg2 Qd8 10. a4 Nd7 11. Nh3 Nf6 12. c4 e5 13. 0-0 a5 14. e3 h5 15. f4 e4 16. Nf2 Ng4 17. Nxg4 hxg4 18. Rf2 Qf6 19. Nb1 Bd7 20. Nc3 1/2-1/2

[Event "GBR-ch 100th"]
[Site "Torquay"]
[Date "2013.07.29"]
[Round "1"]
[White "Collier, David"]
[Black "Eggleston, David"]
[Result "0-1"]
[WhiteElo "2086"]
[BlackElo "2363"]
[PlyCount "86"]
[EventDate "2013.07.29"]
[EventType "swiss"]
[EventRounds "11"]
[EventCountry "ENG"]
[SourceTitle "CBM 155 Extra"]
[Source "ChessBase"]
[SourceDate "2013.08.26"]
[SourceVersion "1"]
[SourceVersionDate "2013.08.26"]
[SourceQuality "1"]

1. e4 c5 2. Nf3 d6 3. d4 cxd4 4. Nxd4 Nf6 5. Nc3 a6 6. Be2 e5 7. Nb3 Be7 8. 0-0 0-0 9. a4 Be6 10. Bf3 Nbd7 11. a5 Qc7 12. Be3 Rac8 13. Qd2 Nc5 14. Nxc5 dxc5 15. Qe2 c4 16. Rfd1 Bb4 17. Bb6 Qe7 18. Qe3 Nd7 19. Nd5 Bxd5 20. exd5 Bd6 21. Ra4 f5 22. Be2 e4 23. Rxc4 Qe5 24. Qh3 Rxc4 25. Bxc4 Qxb2 26. Bd4 Qxc2 27. Bb3 Qe2 28. Qc3 Qg4 29. Re1 Qg6 30. Ba4 Nf6 31. Rb1 Nh5 32. Be5 e3 33. Rxb7 Bxe5 34. Qxe5 exf2+ 35. Kxf2 Nf6 36. Qe6+ Kh8 37. Qe7 Rg8 38. d6 Ne4+ 39. Kg1 Qh6 40. h4 Qe3+ 41. Kh2 Qf4+ 42. Kg1 Nxd6 43. Bb3 Qd4+ 0-1

[Event "BCF-chT2c 1213 (4NCL) Promotion pool"]
[Site "England"]
[Date "2013.05.05"]
[Round "10.36"]
[White "Collier, David"]
[Black "Spence, David"]
[Result "1/2-1/2"]
[WhiteElo "2075"]
[BlackElo "2232"]
[PlyCount "38"]
[EventDate "2012.11.13"]
[EventType "team-tourn"]
[EventRounds "4"]
[EventCountry "ENG"]
[SourceTitle "EXT 2014"]
[Source "ChessBase"]
[SourceDate "2013.11.20"]
[SourceVersion "1"]
[SourceVersionDate "2013.11.20"]
[SourceQuality "1"]
[WhiteTeam "Bristol"]
[BlackTeam "Anglian Avengers"]
[WhiteTeamCountry "ENG"]
[BlackTeamCountry "ENG"]

1. d4 e6 2. e4 d5 3. exd5 exd5 4. Bd3 Nc6 5. c3 Bd6 6. Qf3 Be6 7. Ne2 Nge7 8. Bf4 Ng6 9. Bxd6 Qxd6 10. Nd2 Nce7 11. Qg3 Qb6 12. 0-0-0 0-0-0 13. f4 Bf5 14. Bxf5+ Nxf5 15. Qh3 Nge7 16. Ng3 g6 17. Rde1 Kb8 18. Nxf5 Nxf5 19. g4 Nd6 1/2-1/2

[Event "BCF-chT2c 1213 (4NCL) Promotion pool"]
[Site "England"]
[Date "2013.05.04"]
[Round "9.26"]
[White "Capuzzo, Marcos"]
[Black "Collier, David"]
[Result "0-1"]
[WhiteElo "2229"]
[BlackElo "2075"]
[PlyCount "68"]
[EventDate "2012.11.13"]
[EventType "team-tourn"]
[EventRounds "4"]
[EventCountry "ENG"]
[SourceTitle "EXT 2014"]
[Source "ChessBase"]
[SourceDate "2013.11.20"]
[SourceVersion "1"]
[SourceVersionDate "2013.11.20"]
[SourceQuality "1"]
[WhiteTeam "Grantham Pandora's Box"]
[BlackTeam "Bristol"]
[WhiteTeamCountry "ENG"]
[BlackTeamCountry "ENG"]

1. d4 Nf6 2. Nf3 e6 3. e3 d5 4. Be2 Nbd7 5. 0-0 Bd6 6. b3 0-0 7. Bb2 Ne4 8. c4 c6 9. Ne5 f6 10. Nxd7 Bxd7 11. f3 Ng5 12. Nc3 f5 13. f4 Nf7 14. Rc1 Kh8 15. Nb1 Qe7 16. Nd2 g5 17. g3 Rg8 18. Rf2 Nh6 19. Kh1 Raf8 20. Kg2 Be8 21. h3 gxf4 22. exf4 Qh4 23. Rc3 Bxf4 24. Nf1 Bd6 25. Bc1 f4 26. g4 Bg6 27. c5 Be4+ 28. Kg1 Bc7 29. Nh2 f3 30. Bxf3 Qxh3 31. Bxh6 Qxh6 32. Bxe4 Rxf2 33. Kxf2 dxe4 34. Nf1 Qf4+ 0-1

[Event "Benidorm op U2300 11th"]
[Site "Benidorm"]
[Date "2012.12.04"]
[Round "5"]
[White "Collier, David"]
[Black "Sevillano Garcia, Joaquin"]
[Result "1/2-1/2"]
[WhiteElo "2098"]
[BlackElo "1960"]
[PlyCount "46"]
[EventDate "2012.11.30"]
[EventType "swiss"]
[EventRounds "10"]
[EventCountry "ESP"]
[SourceTitle "EXT 2014"]
[Source "ChessBase"]
[SourceDate "2013.11.20"]
[SourceVersion "1"]
[SourceVersionDate "2013.11.20"]
[SourceQuality "1"]

1. e4 e6 2. d3 d5 3. Nd2 Nf6 4. Ngf3 b6 5. g3 Bb7 6. e5 Nfd7 7. Bg2 Be7 8. 0-0 0-0 9. Re1 Re8 10. Nf1 Nf8 11. d4 Nbd7 12. h4 h6 13. N1h2 f5 14. exf6 Nxf6 15. Bh3 Bd6 16. Ne5 Ne4 17. Bf4 Bxe5 18. Bxe5 Ng6 19. Nf3 Nxe5 20. Nxe5 Qf6 21. Qe2 Rad8 22. Kg2 c5 23. c3 Re7 1/2-1/2

[Event "Benidorm op U2300 11th"]
[Site "Benidorm"]
[Date "2012.12.02"]
[Round "3"]
[White "Serna Lara, Sergio"]
[Black "Collier, David"]
[Result "1-0"]
[WhiteElo "2230"]
[BlackElo "2098"]
[PlyCount "37"]
[EventDate "2012.11.30"]
[EventType "swiss"]
[EventRounds "10"]
[EventCountry "ESP"]
[SourceTitle "EXT 2014"]
[Source "ChessBase"]
[SourceDate "2013.11.20"]
[SourceVersion "1"]
[SourceVersionDate "2013.11.20"]
[SourceQuality "1"]

1. d4 Nf6 2. c4 e6 3. Nc3 Bb4 4. Qc2 b6 5. e4 Bxc3+ 6. bxc3 d6 7. Bd3 e5 8. Ne2 c5 9. Bg5 h6 10. Bd2 Nc6 11. d5 Ne7 12. f4 exf4 13. Nxf4 Ng4 14. 0-0 0-0 15. Be2 Ne5 16. Nh5 N7g6 17. Qc1 Bg4 18. Bxg4 Nxg4 19. h3 1-0

[Event "Paignton op"]
[Site "Paignton"]
[Date "2012.09.05"]
[Round "4"]
[White "Collier, David"]
[Black "Brusey, Alan W"]
[Result "1-0"]
[WhiteElo "2114"]
[BlackElo "2033"]
[PlyCount "47"]
[EventDate "2012.09.02"]
[EventType "swiss"]
[EventRounds "7"]
[EventCountry "ENG"]
[SourceTitle "CBM 150 Extra"]
[Source "ChessBase"]
[SourceDate "2012.10.19"]
[SourceVersion "1"]
[SourceVersionDate "2012.10.19"]
[SourceQuality "1"]

1. d4 d5 2. Nf3 Nf6 3. g3 c5 4. Bg2 Nc6 5. 0-0 e6 6. b3 Be7 7. dxc5 Bxc5 8. Bb2 0-0 9. a3 a5 10. Nbd2 Re8 11. Ne5 Nxe5 12. Bxe5 Ng4 13. Bb2 Qb6 14. e3 Nf6 15. Bxf6 gxf6 16. Qg4+ Kh8 17. Qh5 Rf8 18. c4 d4 19. Ne4 Be7 20. c5 Qd8 21. Nxf6 Kg7 22. Qxh7+ Kxf6 23. Qh6+ Kf5 24. e4+ 1-0

[Event "Paignton op"]
[Site "Paignton"]
[Date "2012.09.02"]
[Round "1"]
[White "Hickman, John"]
[Black "Collier, David"]
[Result "1/2-1/2"]
[WhiteElo "1935"]
[BlackElo "2114"]
[PlyCount "50"]
[EventDate "2012.09.02"]
[EventType "swiss"]
[EventRounds "7"]
[EventCountry "ENG"]
[SourceTitle "CBM 150 Extra"]
[Source "ChessBase"]
[SourceDate "2012.10.19"]
[SourceVersion "1"]
[SourceVersionDate "2012.10.19"]
[SourceQuality "1"]

1. e4 c5 2. Nf3 d6 3. d4 cxd4 4. Nxd4 Nf6 5. Nc3 a6 6. Be3 e5 7. Nb3 Qc7 8. f3 Nbd7 9. Qd2 b5 10. 0-0-0 Bb7 11. a3 Rc8 12. Qf2 Be7 13. g4 Nc5 14. Nxc5 dxc5 15. g5 Nd7 16. Bh3 Rd8 17. Nd5 Bxd5 18. Rxd5 Nb6 19. Rxd8+ Bxd8 20. Rd1 Be7 21. Qg1 0-0 22. Bf5 g6 23. Bg4 Rd8 24. h4 Rxd1+ 25. Qxd1 Kf8 1/2-1/2